Quizzes
Events
Quiz Creation
Community
Videos
Private Events
Remove Ads
Sign In
Join for FREE
Feedback
Dark Mode
Quiz Categories
Sports
Geography
Music
Movies
Television
Just For Fun
Miscellaneous
History
Literature
Language
Science
Gaming
Entertainment
Religion
Holiday
For Kids
Quiz Lab
Recent
Popular Today
Quiz Kudos Today
Editor Picks
Curator Picks
Quizzes by...
Day
Popularity
Type
Ratings
Length
Year
Community
Subscriptions
Recent Discussions
Orange Saloon
Badges
Playlists
Quests
Create
Leaderboards
Showdown
Live 5
Trivia Bingo
Activity
Puzzle Library
Sporcle Events
Private Events
Virtual Trivia
Globe League
Become a Host
Pub Owners
SporcleCon
Opinionation
Our Games
Videos
Blog
Mobile Apps
Partnerships
Remove Ads and Go Orange
Feedback
Movies
Disney
Marvel Cinematic Universe
Movie Resume
Movie Titles
Oscar
Actor
Actress
Director
Pixar
Role
Movie Quotes
Movie Characters
Box Office
Nominee
Best Picture
Star Wars
James Bond
Horror Movies
Movies
Disney
Marvel Cinematic Universe
Movie Resume
Movie Titles
Oscar
Actor
Actress
Director
Pixar
Role
Movie Quotes
Movie Characters
Box Office
Nominee
Best Picture
Star Wars
James Bond
Horror Movies
Random Quiz
Search Sporcle
×
Quiz Lab
Quiz Lab
Movies
Actress
Click on answers out of a set of options
Click on answers out of a set of options
Multiple Choice
Best Score? Go Orange.
Supporting Actress Golden Globe Winner 1990s Stats
Can you choose who won the supporting actress Golden Globe?
By
mofetajerve
90s
10 Questions
76 Plays
76 Plays
76 Plays
Comments
Comments
Give Quiz Kudos
Give Quiz Kudos
-
- Ratings
hide this ad
Random Order
Randomize order of answers
Randomize order of answers
Replay
Link that replays current quiz
Next Quiz
Link to next quiz in quiz playlist
You Got
0%
They Got
Avg Score
48%
Avg Friend Score
Upgrade to see
Score Distribution
Jump to the score distribution portion of the page
Score
0/10
Timer
01:30
0
Plays Today
Question
Answer
Wrong Answers
1990
Whoopi Goldberg - Ghost
78.4%
Lorraine Bracco - Goodfellas
8.1%
Mary McDonnell - Dances with Wolves
9.5%
Shirley MacLaine - Postcards from the Edge
4.1%
1997
Kim Basinger - L.A. Confidential
62.2%
Joan Cusack - In & Out
2.7%
Julianne Moore - Boogie Nights
9.5%
Gloria Stuart - Titanic
8.1%
1994
Dianne Wiest - Bullets Over Broadway
56.8%
Uma Thurman - Pulp Fiction
16.2%
Robin Wright - Forrest Gump
13.5%
Kirsten Dunst - Interview with the Vampire
4.1%
1991
Mercedes Ruehl - The Fisher King
52.7%
Diane Ladd - Rambling Rose
6.8%
Juliette Lewis - Cape Fear
6.8%
Jessica Tandy - Fried Green Tomatoes
31.1%
1999
Angelina Jolie - Girl, Interrupted
52.7%
Catherine Keener - Being John Malkovich
5.4%
Samantha Morton - Sweet and Lowdown
5.4%
Chloe Sevigny - Boys Don't Cry
13.5%
1993
Winona Ryder - The Age of Innocence
43.2%
Anna Paquin - The Piano
33.8%
Rosie Perez - Fearless
6.8%
Emma Thompson - In the Name of the Father
8.1%
1996
Lauren Bacall - The Mirror Has Two Faces
39.2%
Joan Allen - The Crucible
5.4%
Juliette Binoche - The English Patient
35.1%
Marianne Jean-Baptiste - Secrets & Lies
5.4%
1992
Joan Plowright - Enchanted April
37.8%
Marisa Tomei - My Cousin Vinny
32.4%
Judy Davis - Husbands and Wives
16.2%
Alfre Woodard - Passion Fish
9.5%
1995
Mira Sorvino - Mighty Aphrodite
37.8%
Kate Winslet - Sense and Sensibility
31.1%
Kathleen Quinlan - Apollo 13
13.5%
Anjelica Huston - The Crossing Guard
6.8%
1998
Lynn Redgrave - Gods and Monsters
27%
Judi Dench - Shakespeare in Love
31.1%
Kathy Bates - Primary Colors
13.5%
Brenda Blethyn - Little Voice
6.8%
Quiz Playlist
Details
Report
Send in Message
Add To Playlist
Multiple Choice:
Click on answers out of a set of options
Random Order:
Randomize order of answers
Quiz Source
Last Updated: Feb 16, 2017
Quiz Scoreboard
CHALLENGE
Sign Up to Join the Scoreboard
Show All
Scores
Hide
Comments
May contain spoilers
Recently Published
College Basketball Coaching Resumes
by pancakes188
Sports
9m
Billboard Blitz: Fleetwood Mac
by CooCooCachoo
Music
15s
Presidents Visiting Landmarks
by Hejman
History
7m
More to Explore
Quiz From the Vault
Featured Blog Post
Where Did the Easter Bunny Come From?
hide this ad
You Might Also Like...
Tags
Actress Quiz
1990s
Award
Award-Winning
Award Recipients
Award Winners
Best Actress
Golden Globes
Movie Stars
Multiple Choice
Supporting Actress
Winning Actresses
Today's Top Quizzes in Movies
Browse Movies
hide this ad
Today's Top Quizzes in Actress
Browse Actress
Top Contributed Quizzes in Movies
1
Pick 5 Posters: Directed by Spielberg
2
7-to-1: Pixar Characters
3
Pick 5 Posters: Lowest-Rated Spielberg
4
Sorting Actors
5
Sorting Actresses
6
Pick 5 Posters: Directed by Scorsese
7
Pick 5 Posters: Star & Director
8
Pick 5 Posters: Women Directed 2020s
9
12 Movies about Fictional 1960s Events
10
Multi-Oscar Nominations, One Movie, One Winner
Explore More
Trending Topics
Kpop
Crossword
Harry Potter
Marvel
Anime
NBA
Disney
Pokémon
The Office
NFL
Soccer
Country
Song
Puzzle
WWE
hide this ad
More By:
mofetajerve
Quiz
Plays
Rating
Category
Featured
Created
Geography Numbers
56,521
4.06
Geography
Sep 4, 2015
3 or More 2017 Motion Picture Golden Globe Nominations
6,013
4.12
Movies
Dec 13, 2017
Missing Word: Film Sequels II
4,478
4.36
Just For Fun
Mar 21, 2016
Tom Hanks: 15 Seconds of Fame
2,674
4.33
Movies
Feb 1, 2020
2017 Motion Picture Golden Globe Winners
2,559
4.53
Movies
Jan 7, 2018
Go to Creator's Profile
Score Distribution
Quiz Creator Spotlight
mofetajerve
Follow
Send a Message
Quizzes Created
-
Created Quiz Play Count
-
More By This Creator
Popular Quizzes Today
1
Find the US States - No Outlines Minefield
2
Find the Countries of Europe - No Outlines Minefield
3
The Countries of the World
4
Find the US States
5
Risky Map Clicking: Biggest States A-Z
6
US States
7
Popular People in 1961
8
Movies - When Are They Set?
More Movies Quizzes
Ultimate MCU Actors Quiz
Quiz Lab
Trending Quizzes
Risky Map Clicking: Least Populous States A-Z
1-10 Letter G Words
1-10 Letter F Words
Risky Map Clicking: Next State Alphabetically
Risky Map Clicking: Biggest States A-Z
Recently Updated
Leaping Animals
pecheneg
Reality TV Shows (A-Z)
bhenderson79
Rickey Henderson's Hall of Fame Teammates
pecheneg
Champions League XIs: Arsenal
pecheneg
Quick Pick: Celebrities in WWE's Hall of Fame
aduchscher
A-Z Keypad Blitz II
pecheneg
Multiple Oscar Actors
pecheneg
Mystery Phrase Blitz: Oscar 'Best Actors'
pecheneg
F. Scott Fitzgerald Novels
LTH
Pick 3 Villains
ddd62291
Trending Topics
NBA
Crossword
Harry Potter
Anime
Disney
Kpop
Marvel
Song
Puzzle
WWE
Pokémon
Country
The Office
NFL
Soccer
Your Account Isn't Verified!
In order to create a playlist on Sporcle, you need to verify the email address you used during registration. Go to your
Sporcle Settings
to finish the process.
Report this User
Report this user for behavior that violates our
Community Guidelines
.
Details:
Send Report
Go to the Sporcle.com Mobile Site →
Comments